Memories of midnight. (Record no. 1321929)

MARC details
000 -LEADER
fixed length control field 00426nam a2200181Ia 4500
008 - FIXED-LENGTH DATA ELEMENTS--GENERAL INFORMATION
fixed length control field 151202s9999||||xx |||||||||||||| ||und||
082 ## - DEWEY DECIMAL CLASSIFICATION NUMBER
Item number PNVM-55391
100 ## - MAIN ENTRY--PERSONAL NAME
Personal name SHELDON SIDNEY.
245 ## - TITLE STATEMENT
Title Memories of midnight.
260 ## - PUBLICATION, DISTRIBUTION, ETC. (IMPRINT)
Name of publisher, distributor, etc ---
260 ## - PUBLICATION, DISTRIBUTION, ETC. (IMPRINT)
Date of publication, distribution, etc 0
300 ## - PHYSICAL DESCRIPTION
Extent 0
600 ## - SUBJECT ADDED ENTRY--PERSONAL NAME
Personal name SHELDON SIDNEY.
630 ## - SUBJECT ADDED ENTRY--UNIFORM TITLE
Uniform title Memories of midnight.
700 ## - ADDED ENTRY--PERSONAL NAME
Personal name SHELDON SIDNEY.
730 ## - ADDED ENTRY--UNIFORM TITLE
Uniform title Memories of midnight.
942 ## - ADDED ENTRY ELEMENTS (KOHA)
Koha item type Book
Holdings
Withdrawn status Lost status Damaged status Not for loan Home library Current library Date acquired Cost, normal purchase price Total Checkouts Full call number Barcode Date last seen Cost, replacement price Price effective from Koha item type
        Pune Nagar Vachan Mandir, Pune Pune Nagar Vachan Mandir, Pune 06/27/2015 0.00   PNVM-55391 PNVM-55391 12/02/2015 0.00 12/02/2015 Book